Webový informačný systém jazykovej školy bakalárska práca

Gespeichert in:
Bibliographische Detailangaben
1. Verfasser: Zimka, Vratislav
Körperschaft: Fakulta hospodárskej informatiky EU. Katedra aplikovanej informatiky
Weitere Verfasser: Schmidt, Peter, 1968-
Format: Buch
Sprache:Slowakisch
Veröffentlicht: Bratislava 2015
Tags: Tag hinzufügen
Keine Tags, Fügen Sie das erste Tag hinzu!

MARC

LEADER 00000nbm a2200000 4500
001 0204125
005 20161212113731.4
041 0 |a slo 
044 |a SK 
245 1 0 |a Webový informačný systém jazykovej školy  |b bakalárska práca  |c Vratislav Zimka ; školiteľ: Peter Schmidt 
264 1 |a Bratislava  |c 2015 
300 |a 49 s. 
100 1 |a Zimka, Vratislav 
700 1 |a Schmidt, Peter, 1968- 
710 2 |a Fakulta hospodárskej informatiky EU. Katedra aplikovanej informatiky